Meest Dichtbevolkte Landen - Statistieken

Algemene statistieken
  • Deze quiz is 3.002 keer genomen
  • De gemiddelde score is 10 van 24
Antwoordstatistieken
Dichtheid Land % Correct
409 Nederland
89%
436 India
84%
380 België
81%
19,426 Monaco
75%
1,820 Vaticaanstad
69%
556 San Marino
64%
1,116 Bangladesh
60%
8,137 Singapore
57%
1,397 Malta
44%
512 Zuid-Korea
42%
658 Taiwan
36%
417 Israël
33%
2,224 Bahrein
32%
411 Haïti
28%
515 Nauru
27%
365 Filipijnen
26%
454 Tuvalu
25%
653 Libanon
23%
1,802 Maldiven
23%
492 Rwanda
21%
668 Barbados
20%
427 Burundi
20%
467 Comoren
20%
623 Mauritius
19%
Geen overeenkomende quizzen gevonden
Scoreverdeling
Procent van Mensen met Elke Score
Percentiel versus Aantal Correcte Antwoorden
Uw Scoregeschiedenis
U heeft deze quiz nog niet genomen